[Event "España ch sub-16 2009"]
[Site "Granada ESP"]
[Date "2009.07.16"]
[Round "4.8"]
[White "Perera Borrego, Mariela"]
[Black "Forcen Esteban, Daniel"]
[Result "0-1"]
[WhiteElo "1969"]
[BlackElo "2308"]
[PlyCount "84"]
[EventDate "2009.07.14"]
[EventType "swiss"]
[EventRounds "9"]
[EventCountry "ESP"]
[Source "lmi"]
[SourceDate "2009.07.14"]

1. d4 Nf6 2. Nf3 g6 3. Bg5 Bg7 4. c3 O-O 5. Nbd2 h6 6. Bh4 d5 7. e3 Bf5 8. Be2
Nbd7 9. b4 Ne4 10. Nxe4 dxe4 11. Nd2 g5 12. Bg3 Bh7 13. O-O f5 14. f3 e5 15.
fxe4 exd4 16. cxd4 fxe4 17. Qc2 Rc8 18. Nxe4 Qe7 19. Qb3+ Kh8 20. Nc5 Rce8 21.
Nxd7 Qxd7 22. Rac1 c6 23. b5 Be4 24. bxc6 bxc6 25. a4 Qe7 26. Bc4 Bg6 27. Rfe1
h5 28. Qc3 h4 29. Bf2 Qd6 30. Ba2 Rxf2 31. Kxf2 Qxh2 32. Qxc6 Bh5 33. Qxe8+
Bxe8 34. Rc8 Qg3+ 35. Kf1 h3 36. Rxe8+ Kh7 37. Bb1+ Kh6 38. Re6+ Kh5 39. Bg6+
Kh4 40. Re4+ g4 41. gxh3 Qf3+ 42. Kg1 Kxh3 0-1

[Event "España ch sub-16 2009"]
[Site "Granada ESP"]
[Date "2009.07.16"]
[Round "4.9"]
[White "Coll Ortega, Jordi"]
[Black "Palomo Teruel, Xavier"]
[Result "1-0"]
[WhiteElo "2213"]
[BlackElo "2014"]
[PlyCount "53"]
[EventDate "2009.07.14"]
[EventType "swiss"]
[EventRounds "9"]
[EventCountry "ESP"]
[Source "lmi"]
[SourceDate "2009.07.14"]

1. c4 c5 2. g3 g6 3. Bg2 Bg7 4. Nc3 Nc6 5. a3 d6 6. Rb1 Qc7 7. Nf3 b6 8. O-O
Bb7 9. e3 e6 10. d4 a6 11. b4 cxb4 12. axb4 Nf6 13. c5 dxc5 14. bxc5 b5 15. e4
b4 16. Bf4 Qd8 17. d5 bxc3 18. Rxb7 exd5 19. Qa4 O-O 20. Qxc6 Rc8 21. Rc7 dxe4
22. Ng5 Rxc7 23. Bxc7 Qd7 24. Qxd7 Nxd7 25. Bd6 Rc8 26. Nxe4 f5 27. Nxc3 1-0

[Event "España ch sub-16 2009"]
[Site "Granada ESP"]
[Date "2009.07.16"]
[Round "4.10"]
[White "Colon Garcia, Enrique"]
[Black "Silva Rodriguez, Fernando"]
[Result "1-0"]
[WhiteElo "2173"]
[BlackElo "2010"]
[PlyCount "97"]
[EventDate "2009.07.14"]
[EventType "swiss"]
[EventRounds "9"]
[EventCountry "ESP"]
[Source "lmi"]
[SourceDate "2009.07.14"]

1. e4 d6 2. d4 Nf6 3. Nc3 Nbd7 4. g3 e5 5. Nge2 Be7 6. Bg2 c6 7. O-O O-O 8. a4
b6 9. h3 Bb7 10. g4 a6 11. Ng3 Ne8 12. Nf5 Bf6 13. g5 Bxg5 14. Bxg5 Qxg5 15.
dxe5 g6 16. f4 Qd8 17. Nxd6 Nxd6 18. Qxd6 Re8 19. Rad1 Nf8 20. Qb4 Qc7 21. Qc4
Rac8 22. Rd6 b5 23. axb5 axb5 24. Qe2 Qb6+ 25. Kh1 b4 26. Nd5 Qa6 27. Nf6+ Kh8
28. Qxa6 Bxa6 29. Ra1 Bb5 30. Nxe8 Rxe8 31. Ra7 Kg8 32. Rf6 Bc4 33. Rxc6 Be6
34. Bf1 Rd8 35. Bd3 Bxh3 36. f5 b3 37. Rd6 bxc2 38. Bxc2 Rb8 39. b3 Bg4 40. Kg2
Re8 41. Kg3 Bh5 42. e6 fxe6 43. f6 g5 44. e5 Bf7 45. Rc6 Ng6 46. Bxg6 Bxg6 47.
Rcc7 Kf8 48. Rxh7 Bxh7 49. Rxh7 1-0

[Event "España ch sub-16 2009"]
[Site "Granada ESP"]
[Date "2009.07.16"]
[Round "4.11"]
[White "Rodriguez Lapetra, Pablo"]
[Black "Baragano Campa, David"]
[Result "1-0"]
[WhiteElo "2014"]
[BlackElo "2090"]
[PlyCount "57"]
[EventDate "2009.07.14"]
[EventType "swiss"]
[EventRounds "9"]
[EventCountry "ESP"]
[Source "lmi"]
[SourceDate "2009.07.14"]

1. e4 c5 2. Nf3 e6 3. d4 cxd4 4. Nxd4 Nc6 5. Nc3 Qc7 6. Be3 a6 7. Qd2 Bb4 8.
O-O-O Nf6 9. f3 Ne5 10. Qe1 O-O 11. Bg5 Qa5 12. Bxf6 gxf6 13. Nb3 Qc7 14. Nd5
exd5 15. Qxb4 dxe4 16. Qxe4 d6 17. Nd4 Bd7 18. Nf5 Be6 19. Bd3 Nxd3+ 20. Rxd3
Kh8 21. Qh4 Bxf5 22. Qxf6+ Kg8 23. Qxf5 Rfe8 24. f4 Re6 25. Rhd1 Rc8 26. Rg3+
Kf8 27. Qxh7 Qc4 28. Kb1 Re2 29. Rc3 1-0

[Event "España ch sub-16 2009"]
[Site "Granada ESP"]
[Date "2009.07.16"]
[Round "4.12"]
[White "Beltran De Heredia E., Miguel"]
[Black "Alvarado Diaz, Alejandro"]
[Result "0-1"]
[WhiteElo "2041"]
[BlackElo "1857"]
[PlyCount "60"]
[EventDate "2009.07.14"]
[EventType "swiss"]
[EventRounds "9"]
[EventCountry "ESP"]
[Source "lmi"]
[SourceDate "2009.07.14"]

1. e4 Nf6 2. e5 Nd5 3. d4 d6 4. c4 Nb6 5. exd6 cxd6 6. Nc3 g6 7. Be3 Bg7 8. Rc1
O-O 9. b3 e5 10. dxe5 dxe5 11. Qxd8 Rxd8 12. c5 N6d7 13. Nb5 Nc6 14. Bc4 e4 15.
Bg5 Bf6 16. Bxf6 Nxf6 17. Nd6 Ne5 18. Ne2 b6 19. Ng3 Nxc4 20. Rxc4 Ba6 21. Ra4
Bd3 22. b4 Nd5 23. Kd2 Nxb4 24. Kc3 Nd5+ 25. Kd4 Nf6 26. Ke5 Nd7+ 27. Kd5 Nxc5
28. Rd4 Rxd6+ 29. Kxd6 Rd8+ 30. Ke5 f6+ 0-1

[Event "España ch sub-16 2009"]
[Site "Granada ESP"]
[Date "2009.07.16"]
[Round "4.13"]
[White "Garcia Salamero, Gabriel"]
[Black "Alonso Caamano, Ruben"]
[Result "1-0"]
[WhiteElo "2034"]
[BlackElo "1863"]
[PlyCount "77"]
[EventDate "2009.07.14"]
[EventType "swiss"]
[EventRounds "9"]
[EventCountry "ESP"]
[Source "lmi"]
[SourceDate "2009.07.14"]

1. e4 c5 2. Nf3 d6 3. d4 cxd4 4. Nxd4 Nf6 5. Nc3 g6 6. g3 Bg7 7. Bg2 O-O 8. O-O
Bg4 9. Nde2 Nc6 10. h3 Bxe2 11. Qxe2 Nd7 12. Be3 Nb6 13. f4 Rc8 14. Rab1 a6 15.
Rfd1 Qc7 16. Nd5 Nxd5 17. exd5 Na5 18. c3 Nc4 19. Bd4 b5 20. Kh2 Rfe8 21. Bxg7
Kxg7 22. b3 Nb6 23. Rbc1 Nd7 24. c4 b4 25. h4 h5 26. Bh3 f5 27. Bxf5 Rcd8 28.
Be6 Nf6 29. f5 Ng4+ 30. Kh3 Rf8 31. Rf1 Qc5 32. fxg6 Rf2 33. Rxf2 Qxf2 34. Bxg4
hxg4+ 35. Qxg4 Rf8 36. Qg5 Qe2 37. Qg4 Rf3 38. h5 Qe3 39. Re1 1-0

[Event "España ch sub-16 2009"]
[Site "Granada ESP"]
[Date "2009.07.16"]
[Round "4.14"]
[White "Pacheco Bubi, Rafael"]
[Black "Pintor Munoz, Antonio"]
[Result "0-1"]
[WhiteElo "1955"]
[BlackElo "2278"]
[PlyCount "50"]
[EventDate "2009.07.14"]
[EventType "swiss"]
[EventRounds "9"]
[EventCountry "ESP"]
[Source "lmi"]
[SourceDate "2009.07.14"]

1. e4 e6 2. d4 d5 3. Nc3 Nf6 4. Bg5 dxe4 5. Nxe4 Be7 6. Bxf6 gxf6 7. Nf3 a6 8.
Bd3 b5 9. Qd2 Bb7 10. Qh6 f5 11. Ned2 Nd7 12. O-O-O Nf6 13. h3 Rg8 14. Rhg1 Rg6
15. Qe3 Nd5 16. Qe2 Nf4 17. Bxb5+ Kf8 18. Qe5 Bd6 19. Qh8+ Rg8 20. Qxh7 axb5
21. Rde1 Qf6 22. Ne5 Ke7 23. g4 Rh8 24. g5 Rxh7 25. gxf6+ Kxf6 0-1

[Event "España ch sub-16 2009"]
[Site "Granada ESP"]
[Date "2009.07.16"]
[Round "5.1"]
[White "Arribas Lopez, Angel"]
[Black "Montanes Arribas, Adrian"]
[Result "1-0"]
[WhiteElo "2429"]
[BlackElo "2091"]
[PlyCount "91"]
[EventDate "2009.07.14"]
[EventType "swiss"]
[EventRounds "9"]
[EventCountry "ESP"]
[Source "lmi"]
[SourceDate "2009.07.14"]

1. e4 e5 2. Nf3 Nf6 3. d4 Nxe4 4. Bd3 d5 5. dxe5 Be7 6. O-O O-O 7. c4 c6 8. Qc2
f5 9. exf6 Nxf6 10. cxd5 cxd5 11. Nd4 Re8 12. Bf4 Bd7 13. Nf5 Bxf5 14. Bxf5 Nc6
15. Nc3 Nd4 16. Qd3 Nxf5 17. Qxf5 Qc8 18. Qxc8 Raxc8 19. Rad1 Red8 20. Be5 Kf7
21. g3 b6 22. Kg2 h6 23. Rd3 Rc5 24. Rfd1 Ke6 25. Re1 Kf7 26. f3 Rd7 27. Re2
Rd8 28. g4 g5 29. Bd4 Rc7 30. Bxf6 Bxf6 31. Rxd5 Rcd7 32. Rf5 Kg7 33. Ne4 Be7
34. Re5 Bf8 35. Ng3 Rd2 36. Nf5+ Kf7 37. Kg3 Rxe2 38. Rxe2 Rd7 39. Rc2 Bd6+ 40.
Nxd6+ Rxd6 41. Rc7+ Kf6 42. Rxa7 Rd2 43. b3 Ke5 44. Ra6 Rd6 45. a4 Kd5 46. b4
1-0

[Event "España ch sub-16 2009"]
[Site "Granada ESP"]
[Date "2009.07.16"]
[Round "5.2"]
[White "Pruja Ramirez De Cartagena, Marc"]
[Black "Pardo Simon, David"]
[Result "1/2-1/2"]
[WhiteElo "2214"]
[BlackElo "2321"]
[PlyCount "102"]
[EventDate "2009.07.14"]
[EventType "swiss"]
[EventRounds "9"]
[EventCountry "ESP"]
[Source "lmi"]
[SourceDate "2009.07.14"]

1. e4 c5 2. Nf3 e6 3. d4 cxd4 4. Nxd4 a6 5. Bd3 Qc7 6. O-O Nf6 7. Qe2 d6 8. c4
Be7 9. Nc3 O-O 10. f4 Nbd7 11. Nf3 e5 12. f5 b6 13. Bg5 h6 14. Bh4 Bb7 15. Rac1
Rac8 16. Kh1 Rfe8 17. Bf2 Qb8 18. b4 Rc7 19. Nd5 Nxd5 20. cxd5 b5 21. Be3 Rec8
22. Qd2 Bd8 23. Rxc7 Qxc7 24. Rc1 Qxc1+ 25. Qxc1 Rxc1+ 26. Bxc1 Bb6 27. Ne1 Nf6
28. h3 h5 29. Bg5 Nh7 30. Be7 Bc7 31. Bh4 g6 32. fxg6 fxg6 33. Nf3 Bc8 34. Kh2
Kg7 35. Bf2 g5 36. Be3 Kg6 37. Kg3 Bd8 38. Kf2 Nf8 39. Nd2 Nd7 40. Nb3 Nf6 41.
Nd2 h4 42. Be2 Nh5 43. Bxh5+ Kxh5 44. Ba7 g4 45. hxg4+ Kxg4 46. Be3 Bg5 47.
Bxg5 Kxg5 48. Kf3 Bg4+ 49. Ke3 Bd1 50. Nf1 Bh5 51. g3 h3 1/2-1/2

[Event "España ch sub-16 2009"]
[Site "Granada ESP"]
[Date "2009.07.16"]
[Round "5.3"]
[White "Rivas Crespo, Alexander"]
[Black "Alcaraz Ortega, Javier"]
[Result "0-1"]
[WhiteElo "2030"]
[BlackElo "2241"]
[PlyCount "76"]
[EventDate "2009.07.14"]
[EventType "swiss"]
[EventRounds "9"]
[EventCountry "ESP"]
[Source "lmi"]
[SourceDate "2009.07.14"]

1. e4 c5 2. Nf3 e6 3. d4 cxd4 4. Nxd4 a6 5. c4 Nf6 6. Nc3 Qc7 7. a3 b6 8. Be2
Bb7 9. f3 d6 10. Be3 Nbd7 11. Rc1 Be7 12. O-O O-O 13. b4 Rac8 14. Qb3 Qb8 15.
Rfd1 Rfe8 16. Bf2 Bd8 17. g3 Bc7 18. Bf1 h5 19. Na4 h4 20. Kg2 Nh5 21. Ne2 Ndf6
22. Nxb6 Bxb6 23. Bxb6 d5 24. Be3 hxg3 25. hxg3 dxe4 26. f4 Ng4 27. Ng1 Nhf6
28. Be2 Nh6 29. Nh3 e5 30. Kg1 Nf5 31. Kf2 Qc7 32. g4 Nd4 33. Qb2 exf4 34. Bxd4
f3 35. Bxf6 e3+ 36. Kf1 Qg3 37. Bxf3 Qxf3+ 38. Nf2 e2+ 0-1

[Event "España ch sub-16 2009"]
[Site "Granada ESP"]
[Date "2009.07.16"]
[Round "5.4"]
[White "Cruz Lledo, Pablo"]
[Black "Colon Garcia, Enrique"]
[Result "1-0"]
[WhiteElo "2190"]
[BlackElo "2173"]
[PlyCount "69"]
[EventDate "2009.07.14"]
[EventType "swiss"]
[EventRounds "9"]
[EventCountry "ESP"]
[Source "lmi"]
[SourceDate "2009.07.14"]

1. d4 Nf6 2. c4 e6 3. Nc3 Bb4 4. Nf3 c5 5. g3 cxd4 6. Nxd4 Ne4 7. Qd3 Bxc3+ 8.
bxc3 Nc5 9. Qf3 d6 10. Bg2 e5 11. Nb3 Nba6 12. O-O O-O 13. Ba3 Qc7 14. Qe3 Be6
15. Nxc5 Nxc5 16. Bxc5 dxc5 17. Bd5 Bd7 18. f4 Rae8 19. f5 Bc6 20. f6 gxf6 21.
Rxf6 Bxd5 22. cxd5 Qd8 23. Qg5+ Kh8 24. e4 Qa5 25. Rf5 f6 26. Qe3 c4 27. Raf1
Kg7 28. Qf3 Qb6+ 29. Kg2 Rf7 30. Qg4+ Kh8 31. Qf3 Kg7 32. g4 h6 33. h4 Qb2+ 34.
Rf2 Qb1 35. Rxf6 1-0

[Event "España ch sub-16 2009"]
[Site "Granada ESP"]
[Date "2009.07.16"]
[Round "5.5"]
[White "Forcen Esteban, Daniel"]
[Black "Garcia Salamero, Gabriel"]
[Result "1-0"]
[WhiteElo "2308"]
[BlackElo "2034"]
[PlyCount "85"]
[EventDate "2009.07.14"]
[EventType "swiss"]
[EventRounds "9"]
[EventCountry "ESP"]
[Source "lmi"]
[SourceDate "2009.07.14"]

1. e4 e5 2. Bc4 Nf6 3. Nc3 c6 4. d4 exd4 5. Qxd4 b5 6. Bb3 d6 7. Nxb5 Bb7 8.
Nc3 Nbd7 9. Nf3 Be7 10. O-O O-O 11. Bf4 c5 12. Qd3 Nb6 13. Bd5 Nfxd5 14. Nxd5
Bxd5 15. exd5 Bf6 16. Rab1 Qd7 17. c4 Rfe8 18. b3 a5 19. Ng5 Bxg5 20. Bxg5 Qg4
21. Bd2 Nd7 22. h3 Ne5 23. Qc3 Qd7 24. Rfe1 a4 25. Re3 axb3 26. axb3 Ng6 27.
Rxe8+ Qxe8 28. b4 f6 29. bxc5 dxc5 30. Rb5 Qe7 31. Be3 Nh4 32. Qd3 Qd6 33. Rb1
Re8 34. Ra1 Ng6 35. Ra5 Ne5 36. Qc2 Nd7 37. Ra7 Ne5 38. Qa4 Rb8 39. Ra8 Rxa8
40. Qxa8+ Kf7 41. Qa7+ Kg6 42. Bxc5 Qd8 43. Be7 1-0

[Event "España ch sub-16 2009"]
[Site "Granada ESP"]
[Date "2009.07.16"]
[Round "5.6"]
[White "Alvarado Diaz, Alejandro"]
[Black "Coll Ortega, Jordi"]
[Result "1/2-1/2"]
[WhiteElo "1857"]
[BlackElo "2213"]
[PlyCount "136"]
[EventDate "2009.07.14"]
[EventType "swiss"]
[EventRounds "9"]
[EventCountry "ESP"]
[Source "lmi"]
[SourceDate "2009.07.14"]

1. d4 Nf6 2. c4 e6 3. Nc3 Bb4 4. Qc2 d5 5. a3 Bxc3+ 6. Qxc3 Ne4 7. Qc2 c5 8. e3
Nc6 9. Nf3 O-O 10. Bd3 Qa5+ 11. Bd2 Nxd2 12. Qxd2 Qxd2+ 13. Kxd2 Na5 14. Kc3
dxc4 15. Bxc4 cxd4+ 16. exd4 Nxc4 17. Kxc4 b6 18. Kd3 Bb7 19. Ke3 Rfd8 20. Rhd1
f6 21. Rac1 Rd7 22. Rd2 Rad8 23. Rcd1 g5 24. Ne1 Rd5 25. f3 h5 26. Nc2 a5 27.
Kf2 Rc8 28. Ne3 Rd7 29. Ke2 Bd5 30. Nxd5 Rxd5 31. g3 a4 32. Rd3 Rc4 33. Ke3 Rb5
34. R1d2 Kf7 35. d5 e5 36. d6 Rc8 37. d7 Rd8 38. Ke4 Ke7 39. Kf5 e4+ 40. Kxe4
Re5+ 41. Kd4 Rxd7+ 42. Kc3 Rc5+ 43. Kb4 Rxd3 44. Rxd3 Rc2 45. Kxa4 Rxb2 46. h4
gxh4 47. gxh4 Ke6 48. Rb3 Rxb3 49. Kxb3 Kf5 50. Kb4 Kf4 51. Kb5 Kxf3 52. Kxb6
f5 53. a4 f4 54. a5 Kg4 55. a6 f3 56. a7 f2 57. a8=Q f1=Q 58. Qe4+ Qf4 59. Qe7
Qf2+ 60. Kc6 Qxh4 61. Qe2+ Kf5 62. Qf3+ Kg6 63. Qd3+ Kg5 64. Qd8+ Kg4 65. Qd1+
Kf5 66. Qf3+ Ke5 67. Qc3+ Kf4 68. Qd4+ Kg3 1/2-1/2

[Event "España ch sub-16 2009"]
[Site "Granada ESP"]
[Date "2009.07.16"]
[Round "5.7"]
[White "Antolin Concha, Diego"]
[Black "Rodriguez Lapetra, Pablo"]
[Result "1/2-1/2"]
[WhiteElo "2252"]
[BlackElo "2014"]
[PlyCount "127"]
[EventDate "2009.07.14"]
[EventType "swiss"]
[EventRounds "9"]
[EventCountry "ESP"]
[Source "lmi"]
[SourceDate "2009.07.14"]

1. d4 Nf6 2. c4 g6 3. Nc3 d5 4. cxd5 Nxd5 5. e4 Nxc3 6. bxc3 Bg7 7. Be3 c5 8.
Qd2 O-O 9. Rd1 Qa5 10. Bd3 Nc6 11. Ne2 Rd8 12. d5 Ne5 13. O-O Nxd3 14. Qxd3 b6
15. Qc2 Bd7 16. Rc1 Qa4 17. Qxa4 Bxa4 18. c4 Bb2 19. Rb1 Bf6 20. Rfc1 Bd7 21.
Bd2 Bg7 22. Bc3 Bh6 23. Rd1 Ba4 24. Re1 Bc2 25. Rb2 Bd3 26. Bd2 Bg7 27. Bc3
Bxc4 28. Bxg7 Kxg7 29. Nc3 Rd7 30. a4 Rb8 31. f3 e6 32. dxe6 Bxe6 33. a5 Rdb7
34. Reb1 Bc8 35. axb6 Rxb6 36. Rxb6 Rxb6 37. Rc1 Bd7 38. Nd5 Rb5 39. Nc7 Ra5
40. Rc2 Bc6 41. e5 Bd7 42. Kf2 Bf5 43. Rc3 Kf8 44. g4 Bd7 45. Nd5 Be6 46. Nf6
h6 47. f4 Rb5 48. Ne4 Rb4 49. Ke3 Bxg4 50. Nxc5 Rb2 51. Ra3 Rxh2 52. Rxa7 Re2+
53. Kd3 Rf2 54. Ke3 Rf3+ 55. Ke4 Rf2 56. Nd7+ Kg7 57. Nf6 Bf5+ 58. Ke3 Rc2 59.
Ne8+ Kf8 60. Nd6 Be6 61. Ra8+ Kg7 62. Ne8+ Kf8 63. Nd6+ Kg7 64. Ne8+ 1/2-1/2

[Event "España ch sub-16 2009"]
[Site "Granada ESP"]
[Date "2009.07.16"]
[Round "5.8"]
[White "Pintor Munoz, Antonio"]
[Black "Navarro Lopez-Menchero, Daniel"]
[Result "1/2-1/2"]
[WhiteElo "2278"]
[BlackElo "2024"]
[PlyCount "86"]
[EventDate "2009.07.14"]
[EventType "swiss"]
[EventRounds "9"]
[EventCountry "ESP"]
[Source "lmi"]
[SourceDate "2009.07.14"]

1. c4 e6 2. Nf3 b6 3. g3 Ba6 4. Qa4 Bb7 5. Bg2 c5 6. d4 Nf6 7. O-O Be7 8. dxc5
bxc5 9. Nc3 O-O 10. Rd1 Qb6 11. Bf4 Rd8 12. Qb5 d6 13. Ng5 Bc6 14. Qxb6 axb6
15. Nge4 Nxe4 16. Nxe4 d5 17. Bxb8 dxe4 18. Rxd8+ Bxd8 19. Be5 Bf6 20. Bxf6
gxf6 21. Kf1 Kf8 22. Ke1 Ke7 23. f4 f5 24. e3 h5 25. Bf1 f6 26. Be2 Be8 27. b3
e5 28. a4 Bf7 29. Kf2 Be8 30. Rd1 Bf7 31. h3 Rd8 32. Rxd8 Kxd8 33. g4 hxg4 34.
hxg4 exf4 35. exf4 Kc7 36. gxf5 Kb7 37. Ke3 Ka6 38. Kxe4 Ka5 39. Kd3 Kb4 40.
Kc2 Be8 41. Bf3 Bf7 42. Be2 Be8 43. Bf3 Bf7 1/2-1/2

[Event "España ch sub-16 2009"]
[Site "Granada ESP"]
[Date "2009.07.16"]
[Round "5.9"]
[White "Gil Quilez, David"]
[Black "Suarez Calvo, Alexandra"]
[Result "1-0"]
[WhiteElo "2163"]
[BlackElo "2023"]
[PlyCount "39"]
[EventDate "2009.07.14"]
[EventType "swiss"]
[EventRounds "9"]
[EventCountry "ESP"]
[Source "lmi"]
[SourceDate "2009.07.14"]

1. e4 e6 2. d4 d5 3. Nc3 Nf6 4. e5 Nfd7 5. f4 c5 6. Nf3 Nc6 7. Be3 Be7 8. Qd2
f6 9. Bb5 Qb6 10. f5 Ndxe5 11. dxe5 d4 12. Nxd4 cxd4 13. Bxd4 Qd8 14. exf6 Bxf6
15. Bxf6 Qxf6 16. O-O O-O 17. fxe6 Qxe6 18. Rxf8+ Kxf8 19. Rf1+ Kg8 20. Bxc6
1-0

[Event "España ch sub-16 2009"]
[Site "Granada ESP"]
[Date "2009.07.16"]
[Round "5.10"]
[White "Pozueta Alegria, Adrian"]
[Black "Bendayan Claros, Aaron"]
[Result "1-0"]
[WhiteElo "2022"]
[BlackElo "2151"]
[PlyCount "43"]
[EventDate "2009.07.14"]
[EventType "swiss"]
[EventRounds "9"]
[EventCountry "ESP"]
[Source "lmi"]
[SourceDate "2009.07.14"]

1. e4 c6 2. d4 d5 3. Nc3 dxe4 4. Nxe4 g6 5. c3 Bg7 6. Bd3 Nd7 7. Ne2 Ngf6 8.
N4g3 e5 9. O-O O-O 10. Bg5 h6 11. Bxf6 Qxf6 12. f4 exd4 13. f5 Qg5 14. cxd4 Nf6
15. fxg6 fxg6 16. Qb3+ Nd5 17. Rxf8+ Bxf8 18. Bc4 Kg7 19. Rf1 Rb8 20. Ne4 Qd8
21. Qg3 Be6 22. Qe5+ 1-0

[Event "España ch sub-16 2009"]
[Site "Granada ESP"]
[Date "2009.07.16"]
[Round "5.11"]
[White "Rioboo De Larriva, Alvaro"]
[Black "Martinez Ramirez, Erik"]
[Result "1-0"]
[WhiteElo "2150"]
[BlackElo "2003"]
[PlyCount "87"]
[EventDate "2009.07.14"]
[EventType "swiss"]
[EventRounds "9"]
[EventCountry "ESP"]
[Source "lmi"]
[SourceDate "2009.07.14"]

1. e4 c5 2. Nc3 Nc6 3. Bb5 g6 4. Bxc6 dxc6 5. f4 Bg7 6. Nf3 Nf6 7. d3 O-O 8.
O-O Bg4 9. h3 Bxf3 10. Qxf3 c4 11. e5 Ne8 12. Be3 cxd3 13. Rad1 Nc7 14. Rxd3
Qc8 15. Rfd1 Ne6 16. f5 gxf5 17. Qxf5 Qc7 18. Rd7 Qxe5 19. Qxe5 Bxe5 20. Rxe7
Rfe8 21. Rxb7 Rab8 22. Rb3 Bxc3 23. bxc3 a5 24. a4 Nc7 25. Rxb8 Rxb8 26. Bf4
Rc8 27. Bxc7 Rxc7 28. Rd8+ Kg7 29. Kf2 Rb7 30. Ke3 Rb1 31. Rd2 Re1+ 32. Kd4 Ra1
33. Kc5 Rxa4 34. Kxc6 Ra1 35. c4 a4 36. c5 a3 37. c4 a2 38. Kd7 Rc1 39. Rxa2
Rxc4 40. c6 Rd4+ 41. Ke7 Rc4 42. Kd6 Rc1 43. Rd2 Kf8 44. Kd7 1-0

[Event "España ch sub-16 2009"]
[Site "Granada ESP"]
[Date "2009.07.16"]
[Round "5.12"]
[White "Anaya Lopez, Victor Jose"]
[Black "Moral Garcia, Serafin"]
[Result "1/2-1/2"]
[WhiteElo "2142"]
[BlackElo "1976"]
[PlyCount "73"]
[EventDate "2009.07.14"]
[EventType "swiss"]
[EventRounds "9"]
[EventCountry "ESP"]
[Source "lmi"]
[SourceDate "2009.07.14"]

1. b3 e5 2. Bb2 Nc6 3. e3 Nf6 4. Bb5 d6 5. d4 exd4 6. exd4 d5 7. Nf3 Bd6 8. O-O
O-O 9. Nbd2 Ne7 10. Re1 c6 11. Bd3 Bf5 12. Nf1 Bxd3 13. Qxd3 Qd7 14. Ne3 Ng4
15. Ne5 Bxe5 16. dxe5 Nxe3 17. Qxe3 Qe6 18. a4 b6 19. b4 Nf5 20. Qd3 a5 21.
bxa5 Rxa5 22. Bc3 Ra7 23. a5 bxa5 24. Rxa5 Rxa5 25. Bxa5 h5 26. Bb4 Ra8 27. h3
Qg6 28. Bc5 Ra4 29. c3 Rc4 30. Bb4 Nh4 31. Qxg6 Nxg6 32. g3 d4 33. Re4 c5 34.
Bxc5 Rxc5 35. cxd4 Rc1+ 36. Kg2 Rd1 37. Kf3 1/2-1/2

[Event "España ch sub-16 2009"]
[Site "Granada ESP"]
[Date "2009.07.16"]
[Round "5.13"]
[White "Silva Rodriguez, Julio"]
[Black "Suarez Uriel, Adrian"]
[Result "1/2-1/2"]
[WhiteElo "1990"]
[BlackElo "2119"]
[PlyCount "98"]
[EventDate "2009.07.14"]
[EventType "swiss"]
[EventRounds "9"]
[EventCountry "ESP"]
[Source "lmi"]
[SourceDate "2009.07.14"]

1. e4 c5 2. Nf3 Nc6 3. d4 cxd4 4. Nxd4 g6 5. Nc3 Bg7 6. Be3 Nf6 7. Bc4 O-O 8.
Bb3 d6 9. h3 Bd7 10. O-O a6 11. Re1 b5 12. a3 Rc8 13. Bg5 Nxd4 14. Qxd4 Be6 15.
Bxe6 fxe6 16. e5 Nd7 17. Qg4 Nxe5 18. Qxe6+ Kh8 19. Bxe7 Re8 20. Nd5 Rxc2 21.
f4 Qd7 22. Rxe5 Qa7+ 23. Re3 Re2 24. Rc1 Rxe3 25. Qxe3 Qxe3+ 26. Nxe3 Bd4 27.
Rc7 Bxe3+ 28. Kf1 Bd4 29. Bxd6 Bxb2 30. Ra7 Rc8 31. Rxa6 Rc1+ 32. Kf2 Rc2+ 33.
Kg3 Rc3+ 34. Kh2 Rc8 35. Be5+ Bxe5 36. fxe5 Re8 37. e6 Kg7 38. Rb6 Ra8 39. Rxb5
Rxa3 40. Re5 Ra8 41. Kg3 Kf6 42. Re3 Re8 43. Kg4 h5+ 44. Kh4 Rxe6 45. Rxe6+
Kxe6 46. Kg5 Kf7 47. h4 Kg7 48. g3 Kf7 49. Kh6 Kf6 1/2-1/2

[Event "España ch sub-16 2009"]
[Site "Granada ESP"]
[Date "2009.07.16"]
[Round "5.14"]
[White "Marquez Ortiz De Zarate, Alberto"]
[Black "Villar Perez, Samuel"]
[Result "0-1"]
[WhiteElo "1956"]
[BlackElo "2075"]
[PlyCount "46"]
[EventDate "2009.07.14"]
[EventType "swiss"]
[EventRounds "9"]
[EventCountry "ESP"]
[Source "lmi"]
[SourceDate "2009.07.14"]

1. e4 c5 2. Nf3 Nc6 3. d4 cxd4 4. Nxd4 Nf6 5. Nc3 e5 6. Ndb5 d6 7. Bg5 a6 8.
Na3 b5 9. Bxf6 gxf6 10. Nd5 f5 11. Bd3 Be6 12. Qh5 Rg8 13. O-O h6 14. Ne3 Rg5
15. Qd1 f4 16. Nf5 d5 17. f3 Qb6+ 18. Kh1 O-O-O 19. Qe2 Bxf5 20. exf5 f6 21. c3
Ne7 22. Nc2 Nxf5 23. a4 Ng3+ 0-1

[Event "España ch sub-16 2009"]
[Site "Granada ESP"]
[Date "2009.07.17"]
[Round "6.1"]
[White "Alcaraz Ortega, Javier"]
[Black "Cruz Lledo, Pablo"]
[Result "1/2-1/2"]
[WhiteElo "2241"]
[BlackElo "2190"]
[PlyCount "73"]
[EventDate "2009.07.14"]
[EventType "swiss"]
[EventRounds "9"]
[EventCountry "ESP"]
[Source "lmi"]
[SourceDate "2009.07.14"]

1. c4 c6 2. Nf3 d5 3. b3 Nf6 4. g3 Bf5 5. Bb2 e6 6. Bg2 Nbd7 7. O-O Bd6 8. d3
O-O 9. Nbd2 Qe7 10. Qc2 Ba3 11. Bc3 Bb4 12. Bxb4 Qxb4 13. a3 Qe7 14. b4 e5 15.
Rfc1 d4 16. Re1 Qd6 17. h3 a5 18. c5 Qc7 19. Nc4 axb4 20. axb4 Nd5 21. Rab1 Nc3
22. Rb2 Be6 23. e3 Nb5 24. exd4 exd4 25. Ra2 Nf6 26. Rxa8 Rxa8 27. Qb2 Rd8 28.
Na3 Nxa3 29. Qxa3 Bd5 30. Qb2 Bxf3 31. Bxf3 g6 32. Kg2 h5 33. Rc1 h4 34. b5
hxg3 35. fxg3 Qd7 36. bxc6 bxc6 37. Rc4 1/2-1/2

[Event "España ch sub-16 2009"]
[Site "Granada ESP"]
[Date "2009.07.17"]
[Round "6.2"]
[White "Pardo Simon, David"]
[Black "Arribas Lopez, Angel"]
[Result "0-1"]
[WhiteElo "2321"]
[BlackElo "2429"]
[PlyCount "68"]
[EventDate "2009.07.14"]
[EventType "swiss"]
[EventRounds "9"]
[EventCountry "ESP"]
[Source "lmi"]
[SourceDate "2009.07.14"]

1. e4 c5 2. Nf3 d6 3. d4 cxd4 4. Nxd4 Nf6 5. Nc3 a6 6. Be3 e6 7. Qd2 Be7 8. f3
h5 9. Be2 Nc6 10. Nxc6 bxc6 11. Na4 Rb8 12. O-O d5 13. exd5 cxd5 14. c4 O-O 15.
c5 e5 16. Rfc1 d4 17. Bg5 Nd5 18. Bxe7 Qxe7 19. Bc4 Ne3 20. b4 Bb7 21. Nb6 h4
22. h3 Rfd8 23. a4 Qg5 24. c6 Bxc6 25. Bxf7+ Kxf7 26. Rxc6 Kg8 27. a5 Rb7 28.
b5 Rf7 29. Kh1 e4 30. fxe4 Qxb5 31. Rg6 Rf1+ 32. Rxf1 Qxf1+ 33. Kh2 Qf7 34. Rc6
Nf1+ 0-1

[Event "España ch sub-16 2009"]
[Site "Granada ESP"]
[Date "2009.07.17"]
[Round "6.3"]
[White "Pruja Ramirez De Cartagena, Marc"]
[Black "Forcen Esteban, Daniel"]
[Result "1-0"]
[WhiteElo "2214"]
[BlackElo "2308"]
[PlyCount "67"]
[EventDate "2009.07.14"]
[EventType "swiss"]
[EventRounds "9"]
[EventCountry "ESP"]
[Source "lmi"]
[SourceDate "2009.07.14"]

1. e4 c5 2. Nf3 d6 3. d4 cxd4 4. Nxd4 Nf6 5. Nc3 a6 6. Be3 e6 7. g4 e5 8. Nf5
h5 9. g5 Nxe4 10. Nxg7+ Bxg7 11. Nxe4 d5 12. Ng3 d4 13. Bd2 Bg4 14. Be2 h4 15.
Nh5 Bxh5 16. Bxh5 Qd5 17. Bf3 Qb5 18. Qe2 Qb6 19. Be4 Nc6 20. Qg4 Ne7 21. O-O
Rd8 22. a4 Rd7 23. a5 Qc5 24. Ra3 Kd8 25. Rh3 Ng6 26. Rb3 Qa7 27. Rb6 Ne7 28.
Qf3 Kc8 29. Bb4 Qb8 30. Ra1 Rhd8 31. Qxf7 Nd5 32. Bf5 Nxb6 33. axb6 e4 34. Qc4+
1-0